[Event "SWE-chT 1112"]
[Site "Sweden"]
[Date "2011.10.08"]
[Round "2"]
[White "Volodin, Aleksandr"]
[Black "Eriksson, Anders"]
[Result "1-0"]
[WhiteElo "2498"]
[BlackElo "2295"]
[PlyCount "81"]
[EventDate "2011.10.07"]
[EventType "team-tourn"]
[EventRounds "9"]
[EventCountry "SWE"]
[SourceTitle "EXT 2012"]
[Source "ChessBase"]
[SourceDate "2011.11.24"]
[SourceVersion "1"]
[SourceVersionDate "2011.11.24"]
[SourceQuality "1"]
[WhiteTeam "Viking"]
[BlackTeam "Vasteras"]
[WhiteTeamCountry "SWE"]
[BlackTeamCountry "SWE"]

1. d4 Nf6 2. c4 e6 3. Nf3 Bb4+ 4. Nbd2 d5 5. Qa4+ Nc6 6. e3 0-0 7. a3 Bxd2+ 8. Bxd2 Ne4 9. Rd1 Nxd2 10. Rxd2 dxc4 11. Bxc4 Qe7 12. 0-0 Bd7 13. Qc2 Rac8 14. Rc1 Nd8 15. Bd3 g6 16. Ne5 Be8 17. f4 f6 18. Nf3 Rf7 19. Bc4 c6 20. Qc3 Qd6 21. b4 h6 22. Rcd1 g5 23. fxg5 hxg5 24. e4 Qf4 25. Re1 g4 26. Nh4 Qg5 27. g3 Kg7 28. Rf2 Rcc7 29. Rf4 Rf8 30. Ref1 Bh5 31. Bb3 Kh8 32. d5 e5 33. Rf5 Qh6 34. Qc1 Kg7 35. Qc5 b6 36. Rxh5 Qxh5 37. Qd6 Qf7 38. Nf5+ Kg6 39. dxc6 Qxb3 40. Qxf8 Nxc6 41. Qh6+ 1-0

[Event "Vasteras op"]
[Site "Vasteras"]
[Date "2011.09.24"]
[Round "5"]
[White "Miezis, Normunds"]
[Black "Eriksson, Anders"]
[Result "1-0"]
[WhiteElo "2534"]
[BlackElo "2295"]
[PlyCount "55"]
[EventDate "2011.09.23"]
[EventType "swiss"]
[EventRounds "8"]
[EventCountry "SWE"]
[SourceTitle "CBM 144 Extra"]
[Source "ChessBase"]
[SourceDate "2011.10.28"]
[SourceVersion "1"]
[SourceVersionDate "2011.10.28"]
[SourceQuality "1"]

1. c4 Nf6 2. Nc3 c5 3. e4 Nc6 4. f4 d6 5. Nf3 g6 6. a3 Bg7 7. Rb1 a5 8. d3 0-0 9. Be2 Ne8 10. 0-0 Nc7 11. Kh1 Ne6 12. Nb5 a4 13. f5 Ned4 14. Nfxd4 Nxd4 15. Nxd4 Bxd4 16. Bh6 Bg7 17. Qd2 Kh8 18. Rf3 Rg8 19. Rbf1 gxf5 20. exf5 Be5 21. Rh3 Bd7 22. Bf4 Bc6 23. Bf3 f6 24. Qe3 Qb6 25. Bxc6 Qxc6 26. Rxh7+ Kxh7 27. Qh3+ Kg7 28. Bh6+ 1-0

[Event "SWE-chT 1011"]
[Site "Sweden"]
[Date "2011.03.12"]
[Round "10"]
[White "Eriksson, Anders"]
[Black "Welin, Mats Erik Thomas"]
[Result "1-0"]
[WhiteElo "2316"]
[BlackElo "2280"]
[PlyCount "61"]
[EventDate "2010.10.08"]
[EventType "team-tourn"]
[EventRounds "11"]
[EventCountry "SWE"]
[SourceTitle "EXT 2012"]
[Source "ChessBase"]
[SourceDate "2011.11.24"]
[SourceVersion "1"]
[SourceVersionDate "2011.11.24"]
[SourceQuality "1"]
[WhiteTeam "Vasteras"]
[BlackTeam "Manhem"]
[WhiteTeamCountry "SWE"]
[BlackTeamCountry "SWE"]

1. Nf3 Nf6 2. g3 d5 3. Bg2 c6 4. d4 Bf5 5. 0-0 e6 6. b3 Be7 7. Bb2 0-0 8. Nbd2 h6 9. c4 a5 10. Ne5 a4 11. Bc3 Na6 12. c5 axb3 13. axb3 Ne8 14. Ba5 Qc8 15. e4 dxe4 16. Nec4 Bd8 17. Bxd8 Qxd8 18. Nb6 f6 19. Ndc4 Rb8 20. Re1 e5 21. Bxe4 Be6 22. Bxc6 Nec7 23. Bf3 exd4 24. Ra5 Nb4 25. Qd2 Nc6 26. Raa1 Ne5 27. Nxe5 fxe5 28. Bg2 Qf6 29. b4 Nb5 30. f4 exf4 31. Rxe6 1-0